000 01328nam a22001457a 4500
008 120705t xxu||||| |||| 00| 0 eng d
050 _aPE1439.B68
100 _aLee, Brandon.
245 _aParagraphs and essays: a work text with readings. /
_cBrandon Lee.
250 _a8 ed.
300 _axxi, 506 p.:
_c28cm.
500 _aIncludes index.
505 _aContents: Student overview -- The Writing process: Stage one exploring/experimenting/gathering information -- The Writing process: Stage two writing the idea/organizing and developing support -- The Writing process: Stage three writing/revising/editing -- Writing the paragraph -- Writing the essay -- Reading-related writing -- Narration: Moving throug time -- Description: Through space -- Exemplification: Writing with examples -- Analysis by division: Examining the parts -- Process analysis: Writing about doing -- Cause and effect: Determining reasons and outcomes -- Classification: Establishing groups -- Comparison and contrast: Showing similarities and differences -- Definition: Claring terms -- Literary analysis: Reacting to stories -- Argument: Writing to persuade -- The Research paper -- Writing effective sentences -- Appendix A: Parts of speech -- Appendix B: Taking tests -- Appendix C: Writing a job application letter and a resume.
942 _2lcc
_cBK
999 _c1637
_d9137